Giáo trình công tác xã hội trong y tế
Trình bày Tổng quan về lý thuyết công tác xã hội; Lý thuyết công tác xã hội với cá nhân và nhóm; Lý thuyết công tác xã hội cộng đồng và phát triển xã hội; Kỹ năng cơ bản khi nhập cuộc với khách hàng; Kiến thức và kỹ năng đánh giá; K...
Uloženo v:
| Hlavní autor: | |
|---|---|
| Další autoři: | |
| Médium: | Kniha |
| Jazyk: | Undetermined |
| Vydáno: |
H.
Đại học Quốc gia Hà Nội
2016
|
| Témata: | |
| On-line přístup: | http://lrc.tdmu.edu.vn/opac/search/detail.asp?aID=2&ID=29074 |
| Tagy: |
Přidat tag
Žádné tagy, Buďte první, kdo otaguje tento záznam!
|
| Thư viện lưu trữ: | Trung tâm Học liệu Trường Đại học Thủ Dầu Một |
|---|
| LEADER | 01537nam a2200217Ia 4500 | ||
|---|---|---|---|
| 001 | TDMU_29074 | ||
| 008 | 210410s9999 xx 000 0 und d | ||
| 082 | |a 571.2 | ||
| 090 | |b PH104 | ||
| 100 | |a Phạm, Huy Dũng | ||
| 245 | 0 | |a Giáo trình công tác xã hội trong y tế | |
| 245 | 0 | |c Phạm Huy Dũng, Phạm Huy Tuấn Kiệt (ch.b.), Nguyễn Thị Hải và [nh.ng. khác] | |
| 260 | |a H. | ||
| 260 | |b Đại học Quốc gia Hà Nội | ||
| 260 | |c 2016 | ||
| 300 | |a 601tr. | ||
| 520 | |a Trình bày Tổng quan về lý thuyết công tác xã hội; Lý thuyết công tác xã hội với cá nhân và nhóm; Lý thuyết công tác xã hội cộng đồng và phát triển xã hội; Kỹ năng cơ bản khi nhập cuộc với khách hàng; Kiến thức và kỹ năng đánh giá; Kiến thức và kỹ năng lập kế hoạch; Kiến thức và kỹ năng can thiệp; Phát triển kỹ năng đối phó của khách hàng; Thực hành phát huy nội lực và thế mạnh; T8ang cường việc thực hiện chức năng của gia đình; Tăng cường việc thực hiện chức năng trong nhóm.... | ||
| 650 | |a Công tác xã hội |x Y tế | ||
| 700 | |a Phạm, Huy Tuấn Kiệt | ||
| 856 | |u http://lrc.tdmu.edu.vn/opac/search/detail.asp?aID=2&ID=29074 | ||
| 980 | |a Trung tâm Học liệu Trường Đại học Thủ Dầu Một | ||